Chinese Provinces With The Least People - Statistics

General Stats
  • This quiz has been taken 19 times
  • The average score is 7 of 9
Answer Stats
Population Province % Correct
3,648,100 Tibet
94%
25,852,345 Xinjiang
88%
21,893,095 Beijing
81%
7,474,200 Hong Kong
81%
683,218 Macau
81%
5,923,957 Qinghai
81%
13,866,009 Tianjin
81%
10,081,232 Hainan
75%
7,202,654 Ningxia
75%
No matching quizzes found
Score Distribution
Percent of People with Each Score
Percentile by Number Answered
Your Score History
You have not taken this quiz